ANCIENT INDIAN SOCIAL HISTORY (Record no. 20954)

MARC details
000 -LEADER
fixed length control field 00328nam a22001337a 4500
003 - CONTROL NUMBER IDENTIFIER
control field SGT
020 ## - INTERNATIONAL STANDARD BOOK NUMBER
International Standard Book Number 9788125039624
082 ## - DEWEY DECIMAL CLASSIFICATION NUMBER
Classification number 934
Item number THA
100 ## - MAIN ENTRY--PERSONAL NAME
Personal name THAPAR , ROMILA
245 ## - TITLE STATEMENT
Title ANCIENT INDIAN SOCIAL HISTORY
Remainder of title SOME INTERPRETATIONS
260 ## - PUBLICATION, DISTRIBUTION, ETC. (IMPRINT)
Place of publication, distribution, etc HYDERBAD
Name of publisher, distributor, etc ORIENT BLACK SWAN
Year of Publication 2019
300 ## - PAGE DESCRIPTION
No. of Pages XII ,439
942 ## - ADDED ENTRY ELEMENTS (KOHA)
Source of classification or shelving scheme Dewey Decimal Classification
Koha item type Books
942 ## - ADDED ENTRY ELEMENTS (KOHA)
-- 2
Holdings
Withdrawn status Lost status Source of classification or shelving scheme Damaged status Not for loan Collection code Home library Current library Shelving location Date acquired Vendor Name Cost, normal purchase price SGTU Bill Number Full call number Accession No. (Barcode) Date last seen Bill Date Koha item type Total Checkouts Date last borrowed
    Dewey Decimal Classification   Not For Loan LAW SGT Science & Social Sciences Library SGT Science & Social Sciences Library Reference Book 12/03/2021 AHUJA BOOK COMPANY 575.00 SGTU 12726 934 THA FL2522 12/03/2021 19/02/2021 Books    
    Dewey Decimal Classification     LAW SGT Science & Social Sciences Library SGT Science & Social Sciences Library Text Book 12/03/2021 AHUJA BOOK COMPANY 575.00 SGTU 12726 934 THA FL2523 12/03/2021 19/02/2021 Books    
    Dewey Decimal Classification     LAW SGT Science & Social Sciences Library SGT Science & Social Sciences Library Text Book 12/03/2021 AHUJA BOOK COMPANY 575.00 SGTU 12726 934 THA FL2524 12/03/2021 19/02/2021 Books    
    Dewey Decimal Classification     LAW SGT Science & Social Sciences Library SGT Science & Social Sciences Library Text Book 12/03/2021 AHUJA BOOK COMPANY 575.00 SGTU 12726 934 THA FL2525 14/01/2023 19/02/2021 Books 2 07/01/2023
    Dewey Decimal Classification     LAW SGT Science & Social Sciences Library SGT Science & Social Sciences Library Text Book 12/03/2021 AHUJA BOOK COMPANY 575.00 SGTU 12726 934 THA FL2526 12/03/2021 19/02/2021 Books